JetPunk Menu Options - Sudden Death - Statistics

General Stats
  • This quiz has been taken 120 times
    82 since last reset
  • The average score is 5 of 12
Answers on the Grid
Answers color-coded by a green-red scale on the quiz's grid according to % correct below.
About JetPunk
About our Staff
AI Quiz Generation
Badges and Games
Blogs
Bookmark This Page
Chat with a Live Agent
Create Quiz
Cut Down a Tree
Dark Mode
Data and Charts
Featured Quizzes
Jeppy's Story
JetPunk Shop
Language
Message Board
Quiz Hall of Fame
Quiz-Making for Profit
Random Quiz
User Quizzes
Visit our Sister Quiz Site S******
Why Cyprus is a European Country
 
Answer Stats
Answer % Correct
About JetPunk
90%
Create Quiz
63%
Featured Quizzes
60%
Badges and Games
50%
Language
40%
Random Quiz
40%
User Quizzes
40%
Blogs
33%
Dark Mode
33%
Bookmark This Page
31%
Data and Charts
29%
Message Board
29%
No matching quizzes found
Score Distribution
Percent of People with Each Score
Percentile by Number Answered
Your Score History
You have not taken this quiz since the last reset